Νέα προτάγματα για την παιδεία μετά την χρεωκοπία
Αποθηκεύτηκε σε:
| Κύριος συγγραφέας: | |
|---|---|
| Μορφή: | Βιβλίο |
| Γλώσσα: | Greek |
| Δημοσίευση: |
Αθήνα :
[χ.ό.],
2021.
|
| Θέματα: | |
| Ετικέτες: |
Προσθήκη ετικέτας
Δεν υπάρχουν, Καταχωρήστε ετικέτα πρώτοι!
|
MARC
| LEADER | 00000cam a2200000 a 4500 | ||
|---|---|---|---|
| 001 | 1/124294 | ||
| 008 | 220202s2021####gr | ||| |||| ||gre|| | ||
| 020 | |a 9786188324640 | ||
| 040 | |a GR-MyUa |b gre |c GR-MyUa |e AACR2 | ||
| 041 | 0 | |a gre | |
| 082 | 7 | |a 370.1 |2 (23) | |
| 100 | 1 | |a Πολυχρονόπουλος, Πάνος Ι., |d 1941- | |
| 245 | 1 | 0 | |a Νέα προτάγματα για την παιδεία μετά την χρεωκοπία / |c Πάνου Ι. Πολυχρονόπουλου. |
| 260 | |a Αθήνα : |b [χ.ό.], |c 2021. | ||
| 300 | |a 307 σ. ; |b εικ., σχήμ. ; |c 24 εκ. | ||
| 500 | |a Διατίθεται δωρεάν στη διεύθυνση: hdl.handle.net/10889/13761 | ||
| 504 | |a Περιέχει βιβλιογραφικές παραπομπές. | ||
| 650 | 0 | |a Educational sociology |z Greece. | |
| 650 | 0 | |a Bankruptcy. | |
| 650 | 0 | |a Education |x Philosophy. | |
| 650 | 0 | |a Politics and education |z Greece. | |
| 852 | |a INST |b RHODES |e 20220202 |h 370.1 ΠΟΛ |p 005400042555 |q 005400042555 |t BK |y 0 | ||
| 970 | |z 02-02-2022 | ||